00791nam a22002177a 450000500170000001000150001702000260003203500130005803700130007108200100008410000260009424501050012026000310022527000680025630000400032470000200036470000250038494200240040999900190043395201210045220160523125138.0 aENG-115131 a9788120350960c595.00 aEN-98663 bDBAD/PUB a621.3 a Chandan Kumar Chanda aGATE for electrical engineering /cby Chanden Kumar Chanda, Sumit Banerjee [and] Abhijit Chakrabarti aDelhibPHI Learning c2016 aRimjhim House, 111, Patparganj Industrial EstatebDelhie110092 avarious pagingsc26cm(pbk)e1CD-ROM aBanerjee, Sumit aChakrabarti, Abhijit 2ddccENmCHAh621.3 c100039d100039 001040708NFICaBL1bBL1d2016-05-23eDBAD/PUBg595.00l0o621.3 CHApEN-98663r2016-05-23 00:00:00t1v595.00yEN